000 00623nam a2200217 4500
003 OSt
005 20240613054754.0
006 a
008 240613b |||||||| |||| 00| 0 eng d
020 _a9719919285
040 _aDWCL-Main lib.
_cOC
082 _aFil. 657.45 R786c 2012
100 _aRoque, Gerardo S.
245 _aCPA examination reviewer : auditing theory /
260 _aManila :
_bGIC Enterprises & Co.,
_cc2012.
300 _aiv,
_b809 pages,
_c22cm.
650 _a1. Auditing-examinations, questions
650 _a2. Auditing-problems,
700 _aGerardo S. Roque
942 _2ddc
_n0
_cBK - FIL
_kFil.
999 _c616
_d616